| 000 | 00834nam a22001937a 4500 | ||
|---|---|---|---|
| 999 |
_c62468 _d62468 |
||
| 003 | Ge_BSU | ||
| 005 | 20241114115805.0 | ||
| 008 | 241114s1988 ge ||||| |||| 00| 0 geo d | ||
| 041 | _ageo | ||
| 080 | _a616.366-089 თ-42 | ||
| 100 |
_aთევდორაძე, ო. _923693 |
||
| 245 |
_aღვიძლგარეთა ნაღვლის გზების ქირურგიის საკითხისათვის / _cო. თევდორაძე |
||
| 264 |
_aთბილისი : _bსაბჭ. საქართველო, _c1988. |
||
| 300 |
_a190 გვ. : _b ილ. ; _c20 სმ. |
||
| 504 | _aბიბლიოგრ.: გვ. 185-188. | ||
| 653 | _aსანაღვლე გზები ქირურგია | ||
| 653 | _aმედიცინა | ||
| 942 |
_2udc _cᲬᲘᲒᲜᲘ |
||